1141 1945 1331 1330 1584 1396 1521 1880 1039 1047 1992 1508 1067 1984 1679 1650 1265 1831 1977 1695 1361 1364 1927 1517 1195 1224 1386 1488 1843 1231 1985 1342 1475 1846 1333 1012 1632 1576 1620 1525 1659 1002 1483 1498 1962 1847 1611 1196 1360 1538 1583 1387 1927 1775 1057 1363 1049 1760 1857 1858 1988 1765 1893 1684 1003 1947 1772 1802 1297 1245 1876 1070 1975 1457 1088 1649 1019 1674 1375 1164 1579 1966 1445 1048 1343 1097 1903 1145 1999 1708 1918 1163 1771 1849 1194 1525 1124 1123 1258 BCNSPRNW ULIB Ver.6.0+V

เปลี่ยนเป็นภาษาไทย

Change to English
 แสดงรายละเอียดบรรณานุกรม
  กลับหน้าหลัก

Brief Record : Get Marc (ISO 2709) : E-mail record : QR code < ปิดหน้าต่าง
LEADER : 00000nam 2200000uu 4500
001    13399122331
003     ULIB
008    130213s2545||||th 000 0 tha d
090    ^aวจ.WY18.2^bส765ค
099    ^aวจ.WY18.2^bส765ค
100 0  ^a สุดกัญทวี พัทวี และรพีพรรณ วิบูลย์วัฒนกิจ
245 00 ^aความคิดเห็นของนักศึกษาต่อหลักสูตร การจัดการเรียนการสอน การบริการการศึกาษาและกิจกรรมต่างๆ และต่อสถาบันการศึกษาและวิชาชีพพยาบาลบรมราชชนี สวรรค์ประชารักษ์/^cโดย สุดกัญทวี พัทวี และรพีพรรณ วิบูลย์วัฒนกิจ
260    ^aนครสวรรค์:^bวิทยาลัยพยาบาลบรมราชชนนี สวรรค์ประชารักษ์,^c2545
300    ^a64 หน้า
650  7 ^aการจัดการเรียนการสอน^xวิจัย
710 2  ^aวิทยาลัยพยาบาลบรมราชชนนีสวรรค์ประชารักษ์ นครสวรรค์
945    ^p0^l0^i033573
995    ^a เกษร
999    ^aเกษร โพธิ์สุวรรณ
รายการนี้ยังไม่มีแท็ก
คุณยังไม่ได้ล็อกอิน คุณสามารถมีกิจกรรมร่วมกับเว็บไซต์ได้ แต่ต้องล็อกอินก่อน ::
  ล็อกอิน

รายการสื่อสารสนเทศ

ลำดับที่ ประเภท เลขเรียก/บาร์โค้ด สถานที่ สถานะ
1. งานวิจัย
งานวิจัย
วจ.WY18.2 ส765ค วจ.WY18.2 ส765ค  
  Barcode: 033573
ห้องสมุดวิทยาเขตสวรรค์ประชารักษ์
►วิจัย
บนชั้น

BibComment


ยังไม่เคยถูกคอมเมนท์

คอมเมนท์ทรัพยากรรายการนี้
  คอมเมนท์: ความคิดเห็นของนั..


 Copyright 2026. Bcnsprnw @Library